Mario Bianco : (Registro nro. 5100)
[ vista simple ]
| 000 -LEADER | |
|---|---|
| fixed length control field | 02040nam a22002897a 4500 |
| 003 - CONTROL NUMBER IDENTIFIER | |
| control field | PE SENCICO BE |
| 005 - DATE AND TIME OF LATEST TRANSACTION | |
| control field | 20251020182712.0 |
| 008 - FIXED-LENGTH DATA ELEMENTS--GENERAL INFORMATION | |
| fixed length control field | 250213b |||||||| |||| 00| 0 eng d |
| 020 ## - INTERNATIONAL STANDARD BOOK NUMBER | |
| International Standard Book Number | 978-9972-45-391-5 |
| 040 ## - CATALOGING SOURCE | |
| Original cataloging agency | PE SENCICO BE |
| Transcribing agency | PE SENCICO BE |
| 041 ## - LANGUAGE CODE | |
| Language code of text/sound track or separate title | spa |
| 082 ## - DEWEY DECIMAL CLASSIFICATION NUMBER | |
| Classification number | 720.92 |
| Item number | M |
| 245 1# - TITLE STATEMENT | |
| Title | Mario Bianco : |
| Remainder of title | el espacio moderno en el Perú / |
| Statement of responsibility, etc. | coordinadores: Octavio Montestruque, Martín Fabri ; presentación: Enrique Bonilla Di Tolla |
| 250 ## - EDITION STATEMENT | |
| Edition statement | 1a ed. |
| 260 ## - PUBLICATION, DISTRIBUTION, ETC. | |
| Place of publication, distribution, etc. | Lima : |
| Name of publisher, distributor, etc. | Universidad de Lima. Fondo editorial ; |
| Date of publication, distribution, etc. | 2017 |
| 300 ## - PHYSICAL DESCRIPTION | |
| Extent | 400 páginas : |
| Other physical details | ilustraciones a color, tablas ; |
| Dimensions | 26 cm. |
| 505 0# - FORMATTED CONTENTS NOTE | |
| Formatted contents note | Los italianos y el mundo cultural peruano luego de la Segunda Guerra Mundial -- Se vende - se alquila. Urbanizaciones inmobiliarias y constructoras . Presencia italiana en la modernización de Lima -- Una arquitectura a dos veces. Las transferencias arquitectónicas del Paimonte a Latinoamerica -- Mario Bianco y el espacio moderno en el Perú -- Entrevista a José García Bryce -- Entrevista a Adolfo Córdova -- Casa D'Onofrio (1948). La vivienda moderna -- Unidad Modelo Santa Marina Norte (1951) -- Departamento de Arquitectura (1951-1953). Escuela de Escuelas Enrique Santillana -- Hotel Savoy (1954-1957). La modernidad del Plan Piloto de Lima Christopher Schreirer -- Casa Bianco (1955). La casa-estudio del arquitecto Ricardo Huanqui -- Touring y Automovil Club del Perú (1955) -- Casa Guerra (1955) -- Restaurante ¡Oh que bueno! (1957) -- Chalet en Rocca de Vergallo (1958) -- Edificio Cabianca (1958) -- Edificio Safico (1958) -- Edificio sw usos mixtos en avenida del Ejército (sin fecha) -- Edificio multifamiliar en avenida Joaquin Bernal (sin fecha) |
| 600 10 - SUBJECT ADDED ENTRY--PERSONAL NAME | |
| 9 (RLIN) | 2931 |
| Personal name | Bianco, Mario |
| Dates associated with a name | 1903-1990 |
| 650 10 - SUBJECT ADDED ENTRY--TOPICAL TERM | |
| 9 (RLIN) | 282 |
| Topical term or geographic name entry element | Arquitectos |
| 650 20 - SUBJECT ADDED ENTRY--TOPICAL TERM | |
| 9 (RLIN) | 191 |
| Topical term or geographic name entry element | Arquitectura moderna |
| 651 10 - SUBJECT ADDED ENTRY--GEOGRAPHIC NAME | |
| 9 (RLIN) | 1460 |
| Geographic name | Italia |
| 651 10 - SUBJECT ADDED ENTRY--GEOGRAPHIC NAME | |
| 9 (RLIN) | 661 |
| Geographic name | Perú |
| 700 1# - ADDED ENTRY--PERSONAL NAME | |
| 9 (RLIN) | 2932 |
| Personal name | Montestruque, Octavio |
| Relator term | coordinador |
| 700 1# - ADDED ENTRY--PERSONAL NAME | |
| 9 (RLIN) | 2933 |
| Personal name | Fabri, Martín |
| Relator term | coordinador |
| 910 ## - USER-OPTION DATA (OCLC) | |
| User-option data | hfp |
| -- | hfp |
| -- | hfp |
| 942 ## - ADDED ENTRY ELEMENTS (KOHA) | |
| Source of classification or shelving scheme | Dewey Decimal Classification |
| Koha item type | Libros |
| Fecha de la última vez que lo usaron | Pago total | Signatura topográfica completa | Código de barras | Precio efectivo desde | Tipo de documento | Estado perdido | Sistema de clasificación | Estado dañado | No es para préstamo | Retirado | Ubicación permanente | Ubicación actual | Fecha de adquisición | Fuente de adquisición |
|---|---|---|---|---|---|---|---|---|---|---|---|---|---|---|
| 13/02/2025 | 720.92/M | BibLima25020016 | 13/02/2025 | Libros | Dewey Decimal Classification | Biblioteca Central Lima | Biblioteca Central Lima | 05/12/2024 | Comprado de la librería San Cristóbal |